000 00797nam a2200229Ii 4500
003 JO-AjNU
008 230605s9999||||xx |||||||||||||| ||und||
017 _a2009/5/2386
020 _a978-9957-07-682-5
040 _aJO-AjNU
_bara
_erda
_cJO-AjNU
041 _aara
050 1 4 _aRF305.I8222 2010
100 3 _aعيسى، احمد نبوي ,
_eauthor
_942903
245 0 0 _aزراعة القوقعة الالكترونية للاطفال الصم الدليل العلمي للاباء والمعلمين
250 _aط1
264 3 1 _aعمان:دار الفكر للنشر ، 2010
300 _a173ص
336 _atext
_btxt
_2rdacontent
337 _aunmediated
_bn
_2rdamedia
338 _avolume
_bnc
_2rdacarrier
650 4 _aزراعة القوقعة - اطفال الصم
_942904
999 _aA18405
_c21973
_d21973